LEADER 00878nam0 2200277 450 001 9910557094003321 005 20220422115453.0 010 $a978-84-259-1918-3 100 $a20220422d2021----km y0itay50 ba 101 1 $aspa$cita 102 $aES 105 $ay 001yy 200 1 $aJusticia constitutional comparada$fSilvia Bagni, Matteo Nicolini 210 $aMadrid$cCentro de Estudios Politicos y Constitucionales$d2021 215 $a445 p.$d24 cm 225 1 $aTratado de derecho público comparado 610 0 $aProcesso costituzionale$aDiritto comparato 700 1$aBagni,$bSilvia$0268950 701 1$aNicolini,$bMatteo$f<1977- >$0787563 801 0$aIT$bUNINA$gREICAT$2UNIMARC 901 $aBK 912 $a9910557094003321 952 $aXIV A 183$b803 cos$fDDCIC 959 $aDDCIC 996 $aJusticia constitutional comparada$92833212 997 $aUNINA LEADER 01055nam a22002771i 4500 001 991000080919707536 005 20031014143004.0 008 031111s1989 uik|||||||||||||||||eng 020 $a0415017009 035 $ab1256767x-39ule_inst 035 $aARCHE-060093$9ExL 040 $aDip.to Lingue$bita$cA.t.i. Arché s.c.r.l. Pandora Sicilia s.r.l. 082 04$a820.9928 245 00$aHer own life :$bautobiographical writings by seventeenth-century Englishwomen /$cedited by Elspeth Graham ... [et al.] 260 $aLondon :$bRoutledge,$c1989 300 $aV, 250 p. ;$c23 cm 650 4$aScrittrici inglesi$xAutobiografie 650 4$aLetteratura inglese$ySec. 17. 651 4$aInghilterra$xVita sociale$ySec. 17. 700 1 $aGraham, Elspeth 907 $a.b1256767x$b02-04-14$c13-11-03 912 $a991000080919707536 945 $aLE012 942 GRA$g1$i2012000184046$lle012$o-$pE0.00$q-$rl$s- $t0$u1$v0$w1$x0$y.i13021503$z13-11-03 996 $aHer own life$9173835 997 $aUNISALENTO 998 $ale012$b13-11-03$cm$da $e-$feng$guik$h0$i1